000 01513cam a2200397 a 4500
001 14750406
003 NUST - PNEC
005 20170116180837.0
008 070227s2007 enk d 000 0 eng
010 _a 2007008469
015 _aGBA6A3789
_2bnb
016 7 _a013623970
_2Uk
020 _a0199210659
020 _a9780199210657
035 _a(OCoLC)ocm77012122
035 _a(OCoLC)77012122
040 _aDLC
_cLIBRARY
050 0 0 _aPE1591
_b.S765 2007
082 0 0 _a423.12 OXF
100 _95094
_aOxford
245 0 4 _aThe Oxford dictionary of synonyms and antonyms.
246 3 0 _aDictionary of synonyms and antonyms
250 _a2nd ed.
260 _aOxford ;
_aNew York :
_bOxford University Press,
_c2007.
300 _ax, 514 p. ;
_c20 cm.
490 0 _aOxford paperback reference
500 _aPrevious ed: Oxford quick reference thesaurus / compiled by Alan Spooner, 1st ed. 1999.
650 0 _aEnglish language
_xSynonyms and antonyms
_xGeneral
_vDictionaries.
700 1 2 _aSpooner, Alan.
_tOxford quick reference thesaurus.
710 2 _aOxford University Press.
856 4 1 _3Table of contents only
_uhttp://www.loc.gov/catdir/toc/ecip0712/2007008469.html
856 4 2 _3Publisher description
_uhttp://www.loc.gov/catdir/enhancements/fy0737/2007008469-d.html
906 _a7
_bcbc
_corignew
_d1
_eecip
_f20
_gy-gencatlg
942 _2ddc
_cBK
999 _c64271
_d64271